1648 1809 1980 1609 1496 1054 1755 1377 1248 1897 1403 1545 1392 1512 1581 1364 1965 1987 1723 1191 1893 1157 1518 1483 1666 1429 1642 1415 1321 1053 1792 1129 1591 1699 1712 1532 1136 1252 1223 1420 1116 1959 1823 1793 1300 1045 1264 1847 1290 1168 1435 1607 1389 1225 1595 1502 1494 1469 1834 1460 1108 1224 1680 1227 1616 1973 1095 1623 1439 1097 1493 1745 1059 1303 1476 1026 1268 1958 1321 1919 1582 1989 1470 1161 1459 1944 1859 1940 1903 1811 1006 1965 1087 1223 1107 1345 1032 1366 1944 BCNSPRNW ULIB Ver.6.0+V

เปลี่ยนเป็นภาษาไทย

Change to English
 แสดงรายละเอียดบรรณานุกรม
  กลับหน้าหลัก

Brief Record : Get Marc (ISO 2709) : E-mail record : QR code < ปิดหน้าต่าง
LEADER : 00000nam 2200000uu 4500
001    13399113774
003     ULIB
008    111227s2550||||th 000 0 tha d
020    ^a9789748102474
090    ^aนว.^bก389ข 2550
100 0  ^aกันตะชา
245 00 ^aขอหัวใจพิสูจน์รัก/^cกันตะชา
250    ^aพิมพ์ครั้งที่ 1
260    ^aกรุงเทพฯ :^bcome on,^c2550
300    ^a192 หน้า
710 1  ^acome on
945    ^p149^l0^i14449
995    ^aกัณชพร
999    ^aใช้งานได้ทุกระบบ
รายการนี้ยังไม่มีแท็ก
คุณยังไม่ได้ล็อกอิน คุณสามารถมีกิจกรรมร่วมกับเว็บไซต์ได้ แต่ต้องล็อกอินก่อน ::
  ล็อกอิน

รายการสื่อสารสนเทศ

ลำดับที่ ประเภท เลขเรียก/บาร์โค้ด สถานที่ สถานะ
1. วิทยาศาสตร์การแพทย์ และสุขภาพ
วิทยาศาสตร์การแพทย์ และสุขภาพ
นว. ก389ข 2550  
  Barcode: 14449
ห้องสมุดวิทยาเขตสวรรค์ประชารักษ์
►นวนิยาย
บนชั้น
  ขอยืม

BibComment


ยังไม่เคยถูกคอมเมนท์

คอมเมนท์ทรัพยากรรายการนี้
  คอมเมนท์: ขอหัวใจพิสูจน์รั..


 Copyright 2026. Bcnsprnw @Library